2025-26 Premier League of Bosnia and Herzegovina teams - Statistics

General Stats
  • This quiz has been taken 42 times
    19 since last reset
  • The average score is 9 of 10
Answer Stats
2023-24 Premier League of Bosnia and Herzegovina % Correct
FK Borac Banja Luka
100%
FK Velež Mostar
100%
HŠK Zrinjski Mostar
100%
FK Sarajevo
93%
FK Željezničar Sarajevo
93%
HŠK Posušje
79%
NK Široki Brijeg
79%
FK Radnik Bijeljina
71%
FK Rudar Prijedor
71%
FK Sloga Doboj
71%
No matching quizzes found
Score Distribution
Percent of People with Each Score
Percentile by Number Answered
Your Score History
You have not taken this quiz since the last reset